Detalles MARC
| 000 -CABECERA |
| campo de control de longitud fija |
00858cam a2200229 a 4500 |
| 001 - NÚMERO DE CONTROL |
| campo de control |
000005774 |
| 005 - FECHA Y HORA DE LA ÚLTIMA TRANSACCIÓN |
| campo de control |
20200929151759.0 |
| 008 - DATOS DE LONGITUD FIJA--INFORMACIÓN GENERAL |
| campo de control de longitud fija |
770324s1966 uy f000 p spa |
| 040 ## - FUENTE DE LA CATALOGACIÓN |
| Centro catalogador/agencia de origen |
DO-SdBNP |
| Centro/agencia transcriptor |
FJUNF |
| Centro/agencia modificador |
DLC |
| 082 ## - NÚMERO DE LA CLASIFICACIÓN DECIMAL DEWEY |
| Número de clasificación |
U861.2 |
| Número de documento/Ítem |
H565ó |
| 100 1# - ENTRADA PRINCIPAL--NOMBRE DE PERSONA |
| Nombre de persona |
Herrera y Reissig, Julio, |
| Fechas asociadas al nombre |
1875-1910. |
| 9 (RLIN) |
16346 |
| 245 10 - MENCIÓN DE TÍTULO |
| Título |
Obras poéticas / |
| Mención de responsabilidad, etc. |
Julio Herrera y Reissig ; prólogo, Alberto Zum Felde. |
| 260 ## - PUBLICACIÓN, DISTRIBUCIÓN, ETC. |
| Lugar de publicación, distribución, etc. |
Montevideo, Uruguay : |
| Nombre del editor, distribuidor, etc. |
Ministerio de Instrucción Pública y Previsión Social, |
| Fecha de publicación, distribución, etc. |
1966. |
| 300 ## - DESCRIPCIÓN FÍSICA |
| Extensión |
xxxvii, 279 p. ; |
| Dimensiones |
20 cm. |
| 490 0# - MENCIÓN DE SERIE |
| Mención de serie |
Biblioteca Artigas. |
| 490 0# - MENCIÓN DE SERIE |
| Mención de serie |
Clásicos uruguayos |
| Designación de volumen o secuencia |
113 |
| 650 #4 - PUNTO DE ACCESO ADICIONAL DE MATERIA--TÉRMINO DE MATERIA |
| Término de materia o nombre geográfico como elemento de entrada |
Poesía uruguaya |
| 9 (RLIN) |
3846 |
| 650 #4 - PUNTO DE ACCESO ADICIONAL DE MATERIA--TÉRMINO DE MATERIA |
| Término de materia o nombre geográfico como elemento de entrada |
Literatura uruguaya |
| Subdivisión cronológica |
SIGLO XIX |
| 9 (RLIN) |
16344 |
| 700 1# - PUNTO DE ACCESO ADICIONAL--NOMBRE DE PERSONA |
| Nombre de persona |
Felde, Alberto Zum, |
| Término indicativo de función/relación |
pról. |
| 9 (RLIN) |
16347 |
| 830 #0 - PUNTO DE ACCESO ADICIONAL DE SERIE-TÍTULO UNIFORME |
| Título uniforme |
Biblioteca Artigas. |
| Nombre de parte o sección de la obra |
Clásicos uruguayos ; |
| Designación de volumen o secuencia |
113. |
| 9 (RLIN) |
16276 |
| 910 ## - DATOS DE OPCIÓN DEL USUARIO (OCLC) |
| Datos de opción del usuario |
Catalogación por copia / LC |